Brightest Stars in the Sky - Statistics

General Stats
  • This quiz has been taken 233 times
  • The average score is 6 of 12
Answer Stats
Apparent Magnitude Constellation Answer % Correct
-1.46 Canis Major Sirius
87%
-26.74 Sun
83%
0.50 Orion Betelgeuse
75%
-0.27 Centaurus Alpha Centauri
61%
0.03 Lyra Vega
58%
0.13 Orion Rigel
52%
-0.05 Boötes Arcturus
46%
0.61 Centaurus Beta Centauri
39%
0.34 Canis Minor Procyon
36%
-0.74 Carina Canopus
35%
0.08 Auriga Capella
35%
0.46 Eridanus Achernar
24%
No matching quizzes found
Score Distribution
Percent of People with Each Score
Percentile by Number Answered
Your Score History
You have not taken this quiz